Drawing closer : (Record no. 26435)

000 -LEADER
fixed length control field 01139cam a2200289 a 4500
001 - CONTROL NUMBER
control field 707703
005 - DATE AND TIME OF LATEST TRANSACTION
control field 20170204114044.0
008 - FIXED-LENGTH DATA ELEMENTS--GENERAL INFORMATION
fixed length control field 970327s1997 ctua 000 0 eng
010 ## - LIBRARY OF CONGRESS CONTROL NUMBER
LC control number 97010708
020 ## - INTERNATIONAL STANDARD BOOK NUMBER
International Standard Book Number 0867130415 (hardcover : alk. paper)
020 ## - INTERNATIONAL STANDARD BOOK NUMBER
International Standard Book Number 0867130431 (clothbound : alk. paper)
050 00 - LIBRARY OF CONGRESS CALL NUMBER
Classification number ND237.B643A4 1997
100 1# - MAIN ENTRY--PERSONAL NAME
Personal name Blish, Carolyn,
Dates associated with a name 1928-
245 10 - TITLE STATEMENT
Title Drawing closer :
Remainder of title the paintings and personal reflections of Carolyn Blish /
Statement of responsibility, etc. with Elise Maclay.
260 ## - PUBLICATION, DISTRIBUTION, ETC. (IMPRINT)
Place of publication, distribution, etc. Shelton, Conn. :
Name of publisher, distributor, etc. Greenwich Workshop Press,
Date of publication, distribution, etc. c1997.
300 ## - PHYSICAL DESCRIPTION
Extent 152 p. :
Other physical details ill. (some col.) ;
Dimensions 26 cm.
600 10 - SUBJECT ADDED ENTRY--PERSONAL NAME
Personal name Blish, Carolyn,
Dates associated with a name 1928-
General subdivision Themes, motives.
600 10 - SUBJECT ADDED ENTRY--PERSONAL NAME
Personal name Blish, Carolyn,
Dates associated with a name 1928-
General subdivision Psychology.
700 1# - ADDED ENTRY--PERSONAL NAME
Personal name Maclay, Elise.
942 ## - ADDED ENTRY ELEMENTS (KOHA)
Source of classification or shelving scheme
Koha item type Hard Covered Materials
Holdings
Withdrawn status Lost status Source of classification or shelving scheme Damaged status Not for loan Home library Current library Shelving location Date acquired Source of acquisition Total Checkouts Full call number Barcode Date last seen Price effective from Koha item type
          MACHAKOS UNIVERSITY LIBRARY MACHAKOS UNIVERSITY LIBRARY Technical section 04/02/2017 Donation(BFA)   ND237.B643A4 1997 34101 09/07/2018 04/02/2017 Hard Covered Materials
© Machakos University Library, Along The Highway, Machakos Wote Rd, Machakos, Kenya P.O. Box 136 - 90100 Machakos - Kenya

Tel: ( +254 ) 723 805829 OR Fax : 044-20353 OR Email: library@mksu.ac.ke